Cargando...

A Will Durant reader

Detalles Bibliográficos
Autor Principal: Vijayaram, P K G
Formato: Printed Book
Publicado: 1982
Subjects:
LEADER 003880000a22001330004500
082 |a 828.008 M2 
100 |a Vijayaram, P K G 
245 |a A Will Durant reader 
260 |c 1982 
650 |a English 
650 |a Essays 
942 |c BK 
999 |c 11492  |d 11492 
952 |0 0  |1 0  |4 0  |6 828_008000000000000_M2  |7 0  |8 ENG  |9 11288  |a MGUL  |b MGUL  |d 2013-07-16  |l 1  |o 828.008 M2  |p 12171  |r 2019-03-26  |s 2014-04-08  |w 2013-07-16  |y BK